Use of Geophysical Methods in Construction (Record no. 547252)

000 -LEADER
fixed length control field 00766cam a22002052 b4500
020 ## - INTERNATIONAL STANDARD BOOK NUMBER
International Standard Book Number 0784405212 (Trade Paper)
020 ## - INTERNATIONAL STANDARD BOOK NUMBER
International Standard Book Number 9780784405215
082 00 - DEWEY DECIMAL CLASSIFICATION NUMBER
Classification number 624.51
Author Mark NAZ
-- N-01, P-97
100 1# - MAIN ENTRY--PERSONAL NAME
Personal name Nazarian, Soheil
9 (RLIN) 43442
110 2# - MAIN ENTRY--CORPORATE NAME
Corporate name or jurisdiction name as entry element Geo-Denver 2000 Staff
9 (RLIN) 43443
245 10 - TITLE STATEMENT
Title Use of Geophysical Methods in Construction
Remainder of title Proceedings of Sessions of Geo-denver 2000 : August 5-8, 2000, Denver, Colorado
260 ## - PUBLICATION, DISTRIBUTION, ETC.
Place of publication, distribution, etc. Reston :
Name of publisher, distributor, etc. American Society of Civil Engineers
Date of publication, distribution, etc. June 2000
520 8# - SUMMARY, ETC.
Summary, etc. Annotation
526 ## - STUDY PROGRAM INFORMATION NOTE
Program name 0
Interest level 0
Reading level 0
Title point value 624_510000000000000_NAZ
650 ## - SUBJECT ADDED ENTRY--TOPICAL TERM
Topical term or geographic name entry element NUST
9 (RLIN) 6342
700 1# - ADDED ENTRY--PERSONAL NAME
Personal name Diehl,John
9 (RLIN) 43444
710 1# - ADDED ENTRY--CORPORATE NAME
Corporate name or jurisdiction name as entry element American Society of Civil Engineers Staff.
9 (RLIN) 43445
856 40 - ELECTRONIC LOCATION AND ACCESS
Uniform Resource Identifier <a href="http://www.columbia.edu/cgi-bin/cul/resolve?clio9546403">http://www.columbia.edu/cgi-bin/cul/resolve?clio9546403</a>
942 ## - ADDED ENTRY ELEMENTS (KOHA)
Source of classification or shelving scheme
Koha item type Book
Holdings
Withdrawn status Lost status Source of classification or shelving scheme Damaged status Not for loan Permanent Location Current Location Date acquired Total Checkouts Full call number Barcode Date last seen Price effective from Koha item type
          Military College of Engineering (MCE) Military College of Engineering (MCE) 07/07/2014   624.51 NAZ MCE-36688 07/07/2014 07/07/2014 Book
© 2023 Central Library, National University of Sciences and Technology. All Rights Reserved.